| 000 | 00789nam a2200241 i 4500 | ||
|---|---|---|---|
| 001 | bg | ||
| 100 | 1 | _aBAJEROWSKI, Tomasz | |
| 245 | 1 | 0 |
_aWycena krajobrazu : _brynkowe aspekty oceny i waloryzacji krajobrazu / _c[pod red. nauk. Tomasza Bajerowskiego ; aut. Tomasz Bajerowski, Adam Senetra, Agnieszka Szczepańska]. |
| 260 |
_aOlsztyn : _b"Educaterra", _c2000. |
||
| 300 |
_a81 s. : _bwykr. ; _c24 cm. |
||
| 504 | _aBibliogr. s.79-81. | ||
| 650 | 9 |
_aKrajobraz _xwycena _zPolska |
|
| 650 | 9 |
_aNieruchomości _xwycena _xmetody _zPolska |
|
| 700 | 1 | _aSENETRA, Adam | |
| 700 | 1 | _aSZCZEPAŃSKA, Agnieszka | |
| 020 | _a8391273350 | ||
| 040 | _cBPK | ||
| 041 | 0 | _apl | |
| 080 | _a502.6:332.74](438) | ||
| 920 | _a83-912733-5-0 | ||
| 942 | _cKS | ||
| 008 | s pl f |000 0 pol | ||
| 999 |
_c39871 _d39871 |
||
| 856 |
_uhttp://koha.tu.koszalin.pl/cgi-bin/koha/opac-detail.pl?biblionumber=39871 _yKatalog online BPK |
||